000 00571nam a22001697a 4500
020 _a9788131722329
050 _aQR41.2
_b.T67 2007
100 _aTortora, J. Gerard
245 _aMicrobiology :
_ban introduction
_cGerard J. Tortora, Berdell R. Funke & Christine L. Case
250 _a9th ed.
260 _aNew Delhi:
_bDorling Kindersley (Pearson Education),
_c2007.
300 _axxvi,958p.:
500 _aIncludes table of contents, appendices, glossary, credits and index
650 _v1. Microbiology.
700 _aFunke, R. Berdell
_aCase, L. Christine
942 _cGEN
999 _c66
_d66